Biblioteca

Esbozo histórico de los acercamientos literarios al texto bíblico (Registro nro. 51222)

Detalles MARC
000 -LÍDER
Campo fijo de descripción fija 01104cab a2200217 i 4500
001 - NÚMERO DE CONTROL
Campo de control 768714001
003 - IDENTIFICADOR DEL NÚMERO DE CONTROL
Campo de control CO-MdFUSB
005 - FECHA Y HORA DE LA ULTIMA TRANSACCIÓN
control field 20230112103746.0
008 - ELEMENTOS DE LONGITUD FIJA -- INFORMACIÓN GENERAL
Campo fijo de descripción fija -- Información general 180626b1999 gt ||||| |||| 00| 0 spa d
022 ## - NÚMERO INTERNACIONAL NORMALIZADO PARA PUBLICACIONES SERIADAS
Número Internacional Normalizado para Publicaciones Seriadas 1014-9341
040 ## - FUENTE DE CATALOGACIÓN
Agencia Catalogadora CO-MdFUSB
Idioma de catalogación spa
Agencia que realiza la transcripción CO-MdFUSB
Agencia que realiza la modificación CO-MdFUSB
041 ## - CÓDIGO DE IDIOMA
Código de idioma para texto/pista de sonido o título separado spa
100 1# - ASIENTO PRINCIPAL--NOMBRE PERSONAL
Nombre personal Reyes, George
Término relacionador autor
245 00 - TÍTULO
Título Esbozo histórico de los acercamientos literarios al texto bíblico
Mención de responsabilidad / George Reyes
300 ## - DESCRIPCIÓN FÍSICA
Extensión Número 24 (Enero - Junio,1999), páginas 39-60
Dimensiones ; 21 cm
520 ## - NOTA DE RESUMEN, ETC.
Nota de sumario, etc. La historia del desarrollo y difusión de los acercamientos literarios al texto bíblico se puede dividir en tres períodos: albores (1969-1974), solidificación (1974-1981) y apogeo y predominio (1981-1997). En los acercamientos literarios el enfoque está en el texto mismo, en su forma canónica final y visto como una unidad literaria.
650 #7 - ASIENTO SECUNDARIO DE MATERIA - TERMINO TEMÁTICO
9 (RLIN) 23
Término temático o nombre geográfico como elemento de entrada Biblia y literatura
773 0# - ASIENTO DE ITEM FUENTE
Título Kairós
Biblionumber 49489
Itemnumber 61199
Parte(s) relacionada(s) / Volumen., número. (mes año), páginas Número 24 (Enero - Junio,1999), páginas 39-60
Enumeración y primera página Página 39
773 0# - ASIENTO DE ITEM FUENTE
Título Kairós
Biblionumber 49489
Itemnumber 81313
Parte(s) relacionada(s) / Volumen., número. (mes año), páginas Número 24 (Enero - Junio,1999), páginas 39-60
Enumeración y primera página Página 39
942 ## - TIPO DE MATERIAL (KOHA)
Tipo de Item KOHA Artículos de Revista

No hay ítems disponibles.

Biblioteca FUSBC | Teléfono: (57+4) 349 88 10 Ext. 141| WhatsApp (+57) 3005338115 
E-mail: biblioteca@unisbc.edu.co | Calle 76 87-14 Robledo Palenque, Medellín, Colombia

Con tecnología Koha